00396 2200157 4500001002100000005001500021020002200036035002000058082000800078084001400086100001500100245005700115260002800172300002600200990001200226INLIS00000000000302420250918111716 a978-602-7735-09-5 a0010-0925000371 a813 a813 PUT t0 aPutra Alam1 aTerus Gue Musti Bilang Wow Gitu..... ! /cPutra Alam aJakarta :bZettu,c2012 a150 hlm ;c13 x 19 cm a0755612